000 00604cam a2200193 4500500
005 20260405004114.0
041 _afre
042 _adc
100 1 0 _aLarmagnac-Matheron, Octave
_eauthor
245 0 0 _aÉloge du temps libre
260 _c2023.
500 _a68
690 _aAndré Gorz
690 _aOisiveté
690 _aTemps libre
690 _aTravail
786 0 _nPhilosophie magazine - Hors séries | Hors série - Été 2023 | HS58 | 2023-07-01 | p. 41-41 | 2104-9246
856 4 1 _uhttps://shs.cairn.info/magazine-philosophie-magazine-hs58-page-41?lang=fr&redirect-ssocas=7080
999 _c2073744
_d2073744